| 000 | 01123nam a22003017a 4500 | ||
|---|---|---|---|
| 003 | DO-SdBNP | ||
| 005 | 20240530073937.0 | ||
| 007 | ta | ||
| 008 | 211005e2016 spaa||| r|||| 00| e spa d | ||
| 020 | _a9789993446293 | ||
| 040 |
_aDO-SdBNP _bspa _cBNPHU |
||
| 082 | 4 |
_222 _a864.5 _bT588s |
|
| 100 | 1 |
_aTíneo, Jennet _965932 |
|
| 245 | 1 | 0 |
_aSobre el ojo de la lengua : _bensayos sobre obras de autores dominicanos / _cJennet Tineo |
| 260 |
_aSanto Domingo : _bAcademia Dominicana de la Lengua, _c2016 |
||
| 300 |
_a131 p. : _bil. ; _c23 cm. |
||
| 490 | _aEstudios literarios : por Bruno Rosario Candelier | ||
| 500 | _aAteneo Insular Internacional. | ||
| 504 | _aIncluye datos biográficos del la autora en las solapas del libro. | ||
| 590 | _aInventariado, 2021 /LP | ||
| 650 | 0 |
_aEnsayos dominicanos _965 |
|
| 650 | 4 |
_aLiteratura dominicana _xCrítica e interpretación _9216 |
|
| 700 | 1 |
_aGarcía, José Enrique, _d1948- _eedición _922487 |
|
| 710 |
_aPeña Peña, Julio _eFoto de portada _979495 |
||
| 830 |
_aEstudios literarios _979247 |
||
| 910 | _aLP/Validado. Control de calidad MFF | ||
| 942 |
_2ddc _cLBS1 |
||
| 999 |
_c50116 _d50116 |
||